00551nam a22001937a 450000500170000001000130001702000260003003500130005603700160006904000120008508200180009710000250011524500610014026000410020127000570024230000230029965000120032265000230033420170124110033.0 aB-219566 a9788174453365c520.00 aB-219566 bCen Lib/Ret aDPLbEN a338.4791bDIX aDixit, Saurab Kumar  aAspects of tourism development /cby Saurab Kumar Dixit  aNew DelhibMohit Publications c2005 a4675/21, Ansari Road, Dariya GanjbNew Delhie110002 av, 247p.c21cm(Hb) aTourism aPolitical fectors